000
00276nam a2200109Ia 4500
008
220204s9999 xx 000 0 und d
082
_a
301
_b
DAR;1
100
_a
DARLINGTON, C D
245
0
_a
Little universe of man
260
_a
London
_b
George Allen & Unwin
_c
1978
942
_c
BK
999
_c
29720
_d
29720